| 000 | 00357nam a2200145Ia 4500 | ||
|---|---|---|---|
| 008 | 231217s9999 xx 000 0 und d | ||
| 041 | _aEnglish | ||
| 082 | _a001.424 SHO;1 R | ||
| 100 | _aShore, Barry | ||
| 245 | 0 | _aOperations management | |
| 260 |
_c1973 _bMcGraw-Hill _aTokyo |
||
| 300 | _axvi+550 | ||
| 650 | _aOperations,management | ||
| 942 | _cAA | ||
| 999 |
_c171444 _d171444 |
||